Report Of The Committee Of The Whole On The Propsosed Formula For The Disbursement Of The National Health Insurance Fund For The Year 2016 (Record no. 2700)

MARC details
000 -LEADER
fixed length control field 00569nam a2200169Ia 4500
003 - CONTROL NUMBER IDENTIFIER
control field OSt
005 - DATE AND TIME OF LATEST TRANSACTION
control field 20241112152516.0
008 - FIXED-LENGTH DATA ELEMENTS--GENERAL INFORMATION
fixed length control field 240429s9999||||xx |||||||||||||| ||und||
041 ## - LANGUAGE CODE
Language code of text/sound track or separate title eng
082 ## - DEWEY DECIMAL CLASSIFICATION NUMBER
Classification number CR/NHIF/16
100 ## - MAIN ENTRY--PERSONAL NAME
Personal name Parliament of Ghana
245 #0 - TITLE STATEMENT
Title Report Of The Committee Of The Whole On The Propsosed Formula For The Disbursement Of The National Health Insurance Fund For The Year 2016
300 ## - PHYSICAL DESCRIPTION
Extent 9p;tabs
650 ## - SUBJECT ADDED ENTRY--TOPICAL TERM
Topical term or geographic name entry element Propsosed Formula For The Disbursement Of The National Health Insurance Fund For The Year 2016
942 ## - ADDED ENTRY ELEMENTS (KOHA)
Koha item type Committee Reports
Source of classification or shelving scheme Dewey Decimal Classification
Holdings
Withdrawn status Lost status Damaged status Not for loan Home library Current library Shelving location Date acquired Total checkouts Full call number Date last seen Copy number Price effective from Koha item type
        Main Library Main Library Open Shelves 23/02/2023   CR/NHIF/16 5025 C1 - CR/NHIF/16 5026 C2 - CR/NHIF/16 5027 C3 - CR/NHIF/16 5028 C4 - CR/NHIF/16 5029 C5 29/04/2024 1 29/04/2024 Committee Reports
©2026  Parliament of Ghana Library - All rights reserved